Σχεδίαση αναπτυσσόμενου συστήματος καθισμάτων για χρήση σε εκδηλώσεις συνεδριακού τύπου : διπλωματική εργασία

Έρευνα, ανάλυση και σχεδίαση αναπτυσσόμενου συστήματος καθισμάτων

Αποθηκεύτηκε σε:
Λεπτομέρειες βιβλιογραφικής εγγραφής
Κύριος συγγραφέας: Πάτσιου, Αγγελική
Συγγραφή απο Οργανισμό/Αρχή: Πανεπιστήμιο Αιγαίου. Τμήμα Μηχανικών Σχεδίασης Προϊόντων και Συστημάτων
Άλλοι συγγραφείς: Σκουρμπούτης, Ευγένιος (Εισηγητής διατριβής)
Μορφή: Thesis Βιβλίο
Γλώσσα:Greek
Δημοσίευση: 2010
Θέματα:
Διαθέσιμο Online:http://hdl.handle.net/11610/9173
Ετικέτες: Προσθήκη ετικέτας
Δεν υπάρχουν, Καταχωρήστε ετικέτα πρώτοι!

MARC

LEADER 00000cam a2200000 i 4500
001 1/14217
008 110720s2010 gre d
035 |l 10110497 
040 |a GR-MY-UA  |b gre  |e aacr 
041 0 |a gre 
082 0 |a 749.32  |2 (22) 
100 1 |a Πάτσιου, Αγγελική. 
245 1 0 |a Σχεδίαση αναπτυσσόμενου συστήματος καθισμάτων για χρήση σε εκδηλώσεις συνεδριακού τύπου :  |b διπλωματική εργασία /  |c Αγγελική Πάτσιου ; επιβλέπων καθηγητής: Ευγένιος Σκουρμπούτης 
260 |c 2010 
300 |a 227 φύλλα;  |b εικ.;  |c 30 εκ. 
500 |a Διάθεση μόνο λέξεων κλειδιών-περιλήψεων 
502 |a Πτυχιακή εργασία – Πανεπιστήμιο Αιγαίου, Σύρος, 2010. 
504 |a Βιβλιογραφία: σ. 192-195. Ευρετήριο 
520 |a Έρευνα, ανάλυση και σχεδίαση αναπτυσσόμενου συστήματος καθισμάτων 
650 0 0 |a Folding chairs. 
650 0 0 |a Chair design. 
650 0 0 |a Conference rooms. 
650 0 0 |a Flexible structures. 
650 0 0 |a Dissertations, Academic  |z Greece. 
700 1 |a Σκουρμπούτης, Ευγένιος.  |4 ths 
710 2 |a Πανεπιστήμιο Αιγαίου.   |b Τμήμα Μηχανικών Σχεδίασης Προϊόντων και Συστημάτων. 
852 |a INST  |b SYROS  |c DIATR  |e 20110720  |h 749.32 ΠΑΤ  |p 005500009658  |q 005500009658  |t DIE  |y 23 
852 |a INST  |b SYROS  |c DIATR  |e 20110720  |h 749.32 ΠΑΤ  |p 005500009659  |q 005500009659  |t DIE  |y 23 
856 |u http://hdl.handle.net/11610/9173 
901 |a BIBL5-2010-2 
909 |a Ε  |b 165668 
909 |a Ε  |b 165669 
924 |a ΠΑΤΣΙΟΥ  |b ΑΓΓΕΛΙΚΗ  |y ΣΥΡΟΣ  |z 2011-04 
970 |a ΚΟΝΤΟΥ  |b ΠΑΡΑΣΚΕΥΗ  |z 2011/07/20